Rainbow Six Siege | Six Invitational Winners - Statistics

General Stats
  • This quiz has been taken 105 times
    94 since last reset
  • The average score is 5 of 7
Answer Stats
Hint Answer % Correct
2019 G2 Esports
90%
2018 Penta Esports
75%
2020 Space Station Gaming
74%
2022 Team Solo Mid
73%
2021 Ninjas in Pajamas
70%
2017 PC Continuum
42%
2017 Xbox Elevate Esports
38%
No matching quizzes found
Score Distribution
Percent of People with Each Score
Percentile by Number Answered
Your Score History
You have not taken this quiz since the last reset